Statistics for Countries With The Highest Median Income

Click here to take the quiz!

General Stats

  • This quiz has been taken 110 times
  • The average score is 12 of 15

Answer Stats

Median Household Income (USD)Country% Correct
$43,585United States
98%
$50,514Sweden
92%
$51,489Norway
91%
$44,360Denmark
90%
$41,280Canada
89%
$33,822Japan
86%
$46,555Australia
84%
$33,333Germany
82%
$52,493Luxembourg
81%
$35,562New Zealand
81%
$38,584Netherlands
80%
$40,861South Korea
73%
$34,911Austria
69%
$32,762Taiwan
69%
$40,854Kuwait
41%

Score Distribution

Percentile by Number Answered

Percent of People with Each Score

Your Score History

You have not taken this quiz